| 000 -LEADER |
| fixed length control field |
00937cam a22002417a 4500 |
| 001 - CONTROL NUMBER |
| control field |
15549782 |
| 005 - DATE AND TIME OF LATEST TRANSACTION |
| control field |
20221007114004.0 |
| 008 - FIXED-LENGTH DATA ELEMENTS--GENERAL INFORMATION |
| fixed length control field |
081209s2016 paua b 001 0 eng |
| 020 ## - INTERNATIONAL STANDARD BOOK NUMBER |
| International Standard Book Number |
9780323392563 |
| 041 ## - LANGUAGE CODE |
| Language code of text/sound track or separate title |
eng |
| 080 ## - UNIVERSAL DECIMAL CLASSIFICATION NUMBER |
| Universal Decimal Classification number |
618.2 D-53 |
| 100 1# - MAIN ENTRY--PERSONAL NAME |
| Personal name |
Woodward, Paula J. |
| 9 (RLIN) |
8560 |
| 245 10 - TITLE STATEMENT |
| Title |
Diagnostic imaging Obstetrics / |
| Remainder of title |
|
| Statement of responsibility, etc. |
Paula J. Woodward, Anne Kennedy, Roya Sohaey ; drawings, Lane R. Bennion, Richard Coombs, James A. Cooper ; image editing, Melissa Petersen ... [et al.] ; medical text editing, Richard H. Wiggins. |
| 250 ## - EDITION STATEMENT |
| Edition statement |
third ed. |
| 264 ## - PRODUCTION, PUBLICATION, DISTRIBUTION, MANUFACTURE, AND COPYRIGHT NOTICE |
| Place of production, publication, distribution, manufacture |
[Philadelphia, Pa.] : |
| Name of producer, publisher, distributor, manufacturer |
W.B. Saunders, |
| Date of production, publication, distribution, manufacture, or copyright notice |
2016. |
| 300 ## - PHYSICAL DESCRIPTION |
| Extent |
1090 p. : |
| Other physical details |
ill. (some col.) ; |
| Dimensions |
28cm. |
| 653 ## - INDEX TERM--UNCONTROLLED |
| keyword |
დიაგნოსტიკა |
| 653 ## - INDEX TERM--UNCONTROLLED |
| keyword |
ტომოგრაფია |
| 653 ## - INDEX TERM--UNCONTROLLED |
| keyword |
მეანობა |
| 700 1# - ADDED ENTRY--PERSONAL NAME |
| Personal name |
Kennedy, Anne. |
| Relator term |
ავტორი |
| 9 (RLIN) |
8563 |
| 700 1# - ADDED ENTRY--PERSONAL NAME |
| Personal name |
Sohaey, Roya. |
| Relator term |
ავტორი |
| 9 (RLIN) |
8564 |
| 942 ## - ADDED ENTRY ELEMENTS (KOHA) |
| Source of classification or shelving scheme |
|
| Koha item type |
წიგნი |